| 000 | 01106 a2200205 4500 | ||
|---|---|---|---|
| 003 | Nust | ||
| 005 | 20221228124330.0 | ||
| 010 | _a 99036681 | ||
| 020 | _a0137691912 | ||
| 040 | _cNust | ||
| 082 | 0 | 0 | _a621.395,KAN |
| 100 | 1 |
_aWakerly, John F. _960843 |
|
| 245 | 1 | 0 |
_aDigital design : _bprinciples and practices / _cJohn F. Wakerly. |
| 250 | _a2nd ed. | ||
| 260 |
_aUpper Saddle River, N.J. : _bPrentice Hall, _cc2000. |
||
| 300 |
_axxiii. 949 p. : _bill. ; _c25 cm. + _e2 computer laser optical discs (4 3/4 in.) |
||
| 505 |
_aIntroduction (Page-1), Number Systems and Codes (Page-21), Digital Circuits (Page-73), Combinational Logic Design with PLDS (Page-391), Sequential Logic Design Principles (Page-447), Synchronous Design with State Machines (Page-539), Sequetial Logic Design Practice (Page-581), Sequetial Logic Design with PLDS (Page-659), Memory (Page-723), Additional Real World Topics (Page-763), Combinational Logic Design Principles (Page-193), Combinational Logic Design Practices (Page-271). _g, |
||
| 650 | 0 |
_aDigital integrated circuits _xDesign and construction. |
|
| 942 |
_2ddc _cBK |
||
| 999 |
_c175906 _d175906 |
||